Stopping sprawl campaign (Record no. 120508)

MARC details
000 -LEADER
fixed length control field 00846cam a2200181 4500
001 - CONTROL NUMBER
control field ##WS134751
008 - FIXED-LENGTH DATA ELEMENTS--GENERAL INFORMATION
fixed length control field 060830n 000 0 eng u
035 ## - SYSTEM CONTROL NUMBER
System control number (Sirsi) u134751
041 0# - LANGUAGE CODE
Language code of text/sound track or separate title eng
110 2# - MAIN ENTRY--CORPORATE NAME
Corporate name or jurisdiction name as entry element Campaign to Protect Rural England
9 (RLIN) 4718
245 00 - TITLE STATEMENT
Title Stopping sprawl campaign
520 ## - SUMMARY, ETC.
Summary, etc. CPRE website pages covering their campaign against the ongoing loss of greenfield land. Includes an analysis of 354 councils' record on housing density and land recycling and CPRE's position statement on brownfield land (L134750).
590 ## - LOCAL NOTE (RLIN)
Local note IKA050906 NTK
651 #4 - SUBJECT ADDED ENTRY--GEOGRAPHIC NAME
Geographic name England
Chronological subdivision 886-
690 ## - LOCAL SUBJECT ADDED ENTRY--TOPICAL TERM (OCLC, RLIN)
Topical term or geographic name as entry element ENVIRONMENTAL AND LAND CONSULTANCY-SUSTAINABILITY-SUSTAINABLE DEVELOPMENT
856 40 - ELECTRONIC LOCATION AND ACCESS
Uniform Resource Identifier <a href="https://www.cpre.org.uk/campaigns/planning/stopping-sprawl/what-cpre-is-doing.htm">https://www.cpre.org.uk/campaigns/planning/stopping-sprawl/what-cpre-is-doing.htm</a>
Public note View the website free of charge at www.cpre.org.uk...
942 ## - ADDED ENTRY ELEMENTS (KOHA)
Suppress in OPAC 0
Holdings
Withdrawn status Lost status Source of classification or shelving scheme Damaged status Not for loan Home library Current library Shelving location Date acquired Total Checkouts Full call number Barcode Date last seen Copy number Price effective from Koha item type
    Dewey Decimal Classification     Virtual Virtual Online 30/08/2006   WEB SITE 134751-2001 06/08/2019 1 06/08/2019 Online material